Chemistry - PCMB ( Tutor for II PUC Annual Examination) (Record no. 239852)

MARC details
000 -LEADER
fixed length control field 00399nam a2200145Ia 4500
005 - DATE AND TIME OF LATEST TRANSACTION
control field 20250729165753.0
008 - FIXED-LENGTH DATA ELEMENTS--GENERAL INFORMATION
fixed length control field 250729s2010 xx 000 0 und d
041 ## - LANGUAGE CODE
Language code of text/sound track or separate title eng
082 ## - DEWEY DECIMAL CLASSIFICATION NUMBER
Classification number 530.05 SHAC
100 ## - MAIN ENTRY--PERSONAL NAME
Personal name Shantharam
9 (RLIN) 232577
245 ## - TITLE STATEMENT
Title Chemistry - PCMB ( Tutor for II PUC Annual Examination)
260 ## - PUBLICATION, DISTRIBUTION, ETC.
Place of publication, distribution, etc. Mangalore
Name of publisher, distributor, etc. Boscos Publication
Date of publication, distribution, etc. 2010
300 ## - PHYSICAL DESCRIPTION
Extent 194p
650 ## - SUBJECT ADDED ENTRY--TOPICAL TERM
Topical term or geographic name entry element Science
9 (RLIN) 232578
Holdings
Withdrawn status Lost status Damaged status Not for loan Home library Current library Date acquired Source of acquisition Total Checkouts Full call number Barcode Date last seen Price effective from Koha item type
        St Aloysius Library St Aloysius Library 07/29/2025 Management Book   530.05 SHAC BED05171 07/29/2025 07/29/2025 Book